Final de Copa de Europa 1992 Sampdoria - Barcelona - Estadísticas

Estadísticas generales
  • Esta prueba ha sido intentada 165 veces
  • La puntuación promedio es 10 de 34
Estadísticas de respuestas
Hint Respuesta % Correcto
Defensa Koeman
91%
Centrocampista Guardiola
86%
Entrenador Johan Cruyff
77%
Portero Zubizarreta (C)
70%
Centrocampista Laudrup
51%
Delantero Stoichkov
51%
Centrocampista Bakero
48%
Defensa Ferrer
46%
Delantero Julio Salinas
41%
Portero Busquets
37%
Centrocampista Eusebio
33%
Delantero Vialli
32%
Portero Pagliuca
31%
Defensa Nadal
30%
Defensa Alexanko
28%
Centrocampista Lombardo
27%
Defensa Nando Muñoz
25%
Delantero Mancini (C)
24%
Delantero Begiristain
23%
Defensa Juan Carlos
21%
Centrocampista Goikoetxea
17%
Centrocampista Toninho Cerezo
14%
Entrenador Vujadin Boškov
14%
Defensa Vierchowod
12%
Defensa Lanna
9%
Defensa D. Bonetti
8%
Centrocampista I. Bonetti
8%
Defensa Katanec
8%
Defensa Mannini
8%
Centrocampista Buso
7%
Centrocampista Invernizzi
7%
Centrocampista Pari
7%
Portero Nuciari
4%
Delantero Silas
2%
No se encontraron pruebas coincidentes
Distribución de puntuación
Porcentaje de gente con cada puntuación
Porcentaje por número respondido
Historial de tus puntuaciones
No has intentado esta prueba.